| 000 | 00885nam0a2200265 4500 | ||
|---|---|---|---|
| 001 | RU\NLR\ONL1\4602 | ||
| 005 | 20250806202947.0 | ||
| 035 | _a(NLR Aleph) 009633354 | ||
| 090 |
_a54618 _c54618 |
||
| 100 | _a20041211d1941 u y0rusy50 ca | ||
| 101 | 0 | _achm | |
| 102 | _aRU | ||
| 105 | _ay ||||||||| | ||
| 200 | 1 |
_aПервый ступень "ПВХО-лан ямде" норма-шамыч _fСССР Осоавиахим ЦС ПВХО упр. |
|
| 210 |
_aЙошкар-Ола _cМаргосиздат _d1941 |
||
| 215 |
_a18,[2] c. _d22 |
||
| 541 | 1 |
_aНормы "Готов к ПВХО" 1-й ступени _zrus |
|
| 801 | 0 |
_aRU _bNLR _c20041211 _gPSBO |
|
| 852 |
_aNLR _bОНЛ _jМар.л./3-814 |
||
| 942 | _cBOOK | ||
| 945 | _aРоссийская национальная библиотека | ||
| 980 | _aNB | ||
| 980 | _aBV | ||